[Event "Tournament 14473 - Europe Echecs"]
[Site "Europe Echecs"]
[Date "2020.07.11"]
[Round "8"]
[Time "17:43:03"]
[PlyCount "110"]
[White "DecurningeBric"]
[Black "SwietlikCharle"]
[WhiteElo "1582"]
[BlackElo "1388"]
[Mode "WEB"]
[Result "1-0"]

1. e4 e5 2. Nf3 Nc6 3. Bc4 Bc5 4. c3 Nf6 5. d3 d6 6. b4 Bb6 7. Nbd2 Be6 8. Bxe6
fxe6 9. a4 a6 10. Nc4 Ba7 11. b5 axb5 12. Nb2 Ne7 13. O-O O-O 14. Bg5 Ng6 15.
axb5 Qd7 16. Qb3 d5 17. exd5 exd5 18. h3 Bb6 19. Na4 Kh8 20. Nxb6 cxb6 21. Rfe1
Rxa1 22. Rxa1 e4 23. dxe4 Nxe4 24. Be3 Qc7 25. Qxd5 Nxc3 26. Qb3 Ne2+ 27. Kf1
Nef4 28. Rc1 Qd6 29. Ng5 Qd3+ 30. Qxd3 Nxd3 31. Rc7 h6 32. Ne6 Re8 33. Nxg7 Re7
34. Rxe7 Nxe7 35. Ne6 Nd5 36. Bxh6 Nc3 37. Bg7+ Kh7 38. Bxc3 Kg6 39. Ke2 Nc5 40.
Nxc5 bxc5 41. g4 Kg5 42. Kf3 c4 43. Kg3 Kh6 44. f4 Kg6 45. f5+ Kg5 46. Bd2+ Kf6
47. Kf4 b6 48. g5+ Kf7 49. g6+ Kg7 50. Bc3+ Kg8 51. Kg5 Kf8 52. f6 Kg8 53. Bb4
Kh8 54. f7 c3 55. Bxc3# {SwietlikCharle est échec et mat} 1-0

[Event "Tournament 14473 - Europe Echecs"]
[Site "Europe Echecs"]
[Date "2020.07.11"]
[Round "8"]
[Time "17:43:03"]
[PlyCount "43"]
[White "BenamarRayan"]
[Black "GerardKelian"]
[WhiteElo "1558"]
[BlackElo "1056"]
[Mode "WEB"]
[Result "1-0"]

1. d4 e6 2. f4 d5 3. e3 c5 4. c3 Nc6 5. Nf3 Qb6 6. Bd3 Nh6 7. O-O f6 8. Kh1 Bd6
9. Qe1 Bd7 10. Nbd2 O-O-O 11. e4 Rde8 12. Qf2 Ng4 13. Qg3 h5 14. h3 dxe4 15.
Nxe4 Nh6 16. Nxd6+ Kb8 17. Nxe8 Rxe8 18. Qxg7 Nf5 19. Bxf5 exf5 20. Qxd7 cxd4
21. Qxe8+ Kc7 {GerardKelian a abandonné} 1-0

[Event "Tournament 14473 - Europe Echecs"]
[Site "Europe Echecs"]
[Date "2020.07.11"]
[Round "8"]
[Time "17:43:03"]
[PlyCount "225"]
[White "KrzymanskiLeo"]
[Black "HalilovicDario"]
[WhiteElo "1506"]
[BlackElo "1170"]
[Mode "WEB"]
[Result "0-1"]

1. f4 d5 2. Nf3 e5 3. Nxe5 Nc6 4. Nf3 Bg4 5. e3 Bc5 6. Be2 Nf6 7. O-O Ne4 8. d3
Nf6 9. Nc3 Qd7 10. Ne5 Nxe5 11. fxe5 Bxe2 12. Qxe2 Ng4 13. d4 Bb4 14. Nxd5 Qxd5
15. Qxg4 O-O 16. c3 Ba5 17. e4 Qb5 18. Bh6 g6 19. Bxf8 Rxf8 20. b4 Bb6 21. Rf6
Qc4 22. Qf3 Bxd4+ 23. cxd4 Qxd4+ 24. Qf2 Qxa1+ 25. Qf1 Qxe5 26. Qf3 Kg7 27. Rf4
Qb2 28. a3 Qa1+ 29. Kf2 Qd4+ 30. Kg3 Qe5 31. Kf2 b6 32. h4 h5 33. g4 c5 34. bxc5
bxc5 35. gxh5 Qxh5 36. Qg3 c4 37. Qe3 Qa5 38. e5 Qb6 39. Qxb6 axb6 40. Rxc4 f5
41. exf6+ Rxf6+ 42. Kg3 b5 43. Rb4 Rf5 44. Kg4 Rc5 45. Rb3 Kf6 46. Kh3 Kf5 47.
Rf3+ Ke6 48. Kg3 Rc4 49. Re3+ Kd5 50. Rb3 Kc5 51. Kh3 Kd5 52. Rxb5+ Ke6 53. Rb6+
Kf5 54. Rb4 Rc3+ 55. Kg2 Rxa3 56. Rb2 Ra4 57. Rb5+ Kg4 58. Rb6 Ra2+ 59. Kf1 Kf3
60. Ke1 Ke3 61. Kd1 Kd3 62. Rd6+ Ke4 63. Rxg6 Kd3 64. Rd6+ Ke4 65. h5 Rh2 66. h6
Kf5 67. Rc6 Kg5 68. Rc5+ Kxh6 69. Rc6+ Kg5 70. Rc7 Kf4 71. Rf7+ Ke3 72. Re7+ Kd3
73. Rd7+ Ke3 74. Kc1 Ke4 75. Re7+ Kd5 76. Rg7 Kc4 77. Rg4+ Kc3 78. Rg3+ Kc4 79.
Kd1 Ra2 80. Ke1 Rb2 81. Kd1 Rb1+ 82. Kc2 Re1 83. Rg4+ Kd5 84. Kd2 Ra1 85. Kd3
Ra3+ 86. Kc2 Rf3 87. Kd2 Ra3 88. Rg5+ Kd4 89. Rg4+ Kd5 90. Ke2 Rb3 91. Kf2 Ra3
92. Rg8 Kd4 93. Rd8+ Kc5 94. Rc8+ Kd6 95. Rd8+ Kc7 96. Re8 Kd7 97. Re4 Kd6 98.
Rb4 Kc5 99. Rb7 Ra2+ 100. Kf3 Ra3+ 101. Kf4 Ra4+ 102. Ke5 Ra2 103. Rd7 Re2+ 104.
Kf6 Kc6 105. Ra7 Kd6 106. Ra6+ Kc5 107. Kf5 Kd5 108. Kf4 Kd4 109. Ra4+ Kd5 110.
Kf3 Re8 111. Ra5+ Kc6 112. Kf4 Kd6 {KrzymanskiLeo a perdu au temps} 0-1

[Event "Tournament 14473 - Europe Echecs"]
[Site "Europe Echecs"]
[Date "2020.07.11"]
[Round "8"]
[Time "17:43:03"]
[PlyCount "85"]
[White "GavilaQuentin"]
[Black "ParisRomain"]
[WhiteElo "1199"]
[BlackElo "1486"]
[Mode "WEB"]
[Result "0-1"]

1. e4 e6 2. Nf3 d5 3. exd5 exd5 4. d4 Nf6 5. Bd3 Bd6 6. O-O O-O 7. h3 Re8 8. Bg5
c6 9. Nc3 Nbd7 10. Qd2 Qc7 11. Rfe1 Rxe1+ 12. Rxe1 h6 13. Bh4 Bf4 14. Qe2 g5 15.
Bg3 Bxg3 16. fxg3 Qxg3 17. Ne5 Nxe5 18. dxe5 Nh5 19. Rf1 Nf4 20. Qf3 Nxh3+ 21.
Kh1 Qxf3 22. Rxf3 Nf4 23. g3 Bg4 24. Re3 d4 25. Re4 Nxd3 26. cxd3 Bf3+ 27. Kg1
dxc3 28. Re1 c2 29. Rc1 Bd1 30. Kf2 Rd8 31. Ke3 f5 32. d4 Kf7 33. a3 Ke6 34. b3
h5 35. a4 f4+ 36. gxf4 g4 37. Kf2 h4 38. a5 g3+ 39. Kg2 Kf5 40. Ra1 Rxd4 41. a6
Rd2+ 42. Kh3 Rh2# {GavilaQuentin est échec et mat} 0-1

[Event "Tournament 14473 - Europe Echecs"]
[Site "Europe Echecs"]
[Date "2020.07.11"]
[Round "8"]
[Time "17:43:03"]
[PlyCount "45"]
[White "GroussetNathan"]
[Black "RusuCarloman"]
[WhiteElo "1476"]
[BlackElo "1357"]
[Mode "WEB"]
[Result "0-1"]

1. e4 e5 2. Nf3 Nc6 3. d4 exd4 4. Bc4 Bb4+ 5. c3 dxc3 6. bxc3 Bc5 7. Bxf7+ Kxf7
8. Qd5+ Ke8 9. Qxc5 d6 10. Qe3 Nge7 11. O-O Rf8 12. Bb2 Bg4 13. Nd4 Ne5 14. Nd2
N7g6 15. f3 Bd7 16. f4 Ng4 17. Qg3 c5 18. Nf5 Rxf5 19. exf5 Bxf5 20. Rae1+ Kf8
21. h3 Nf6 22. Qg4 Bxg4 {GroussetNathan a abandonné} 0-1

[Event "Tournament 14473 - Europe Echecs"]
[Site "Europe Echecs"]
[Date "2020.07.11"]
[Round "8"]
[Time "17:43:03"]
[PlyCount "92"]
[White "RubsamenAnais"]
[Black "MartignoniMarg"]
[WhiteElo "1692"]
[BlackElo "1500"]
[Mode "WEB"]
[Result "1-0"]

1. Nf3 d5 2. g3 c5 3. Bg2 Nf6 4. O-O e6 5. d4 c4 6. c3 Nc6 7. Bg5 h6 8. Bxf6
Qxf6 9. Nbd2 Bd6 10. e4 dxe4 11. Nxe4 Qe7 12. Nfd2 O-O 13. Nxc4 Bc7 14. Nc5 Qe8
15. Re1 Rb8 16. d5 Na5 17. d6 Bb6 18. d7 Qe7 19. dxc8=Q Rfxc8 20. Nxb6 axb6 21.
Na4 Rd8 22. Qc2 b5 23. b4 Nc4 24. Nc5 b6 25. Nb3 Nd6 26. Nd4 Rbc8 27. Nc6 Rxc6
28. Bxc6 Nf5 29. Qxf5 Rc8 30. Qf3 Qd6 31. Be4 f5 32. Bb7 Rc7 33. Rad1 Qe7 34.
Bd5 Qf6 35. Rxe6 Qg5 36. Rg6+ Kf8 37. Rxg5 hxg5 38. Qxf5+ Ke8 39. Re1+ Kd8 40.
Qf8+ Kd7 41. Re6 Rxc3 42. Qe7+ Kc8 43. Qb7+ Kd8 44. Rd6+ Ke8 45. Qd7+ Kf8 46.
Qf7# {MartignoniMarg est échec et mat} 1-0

[Event "Tournament 14473 - Europe Echecs"]
[Site "Europe Echecs"]
[Date "2020.07.11"]
[Round "8"]
[Time "17:43:03"]
[PlyCount "72"]
[White "WittenbergSere"]
[Black "RebenaFlorian"]
[WhiteElo "1447"]
[BlackElo "1081"]
[Mode "WEB"]
[Result "1-0"]

1. e4 e5 2. Nf3 Nc6 3. Nc3 Bc5 4. Nxe5 Nxe5 5. d4 Bb4 6. dxe5 f6 7. exf6 Nxf6 8.
Bd3 d6 9. O-O Be6 10. Bg5 h6 11. Bh4 g5 12. Bg3 Qd7 13. e5 dxe5 14. Bxe5 Qg7 15.
Ne4 Be7 16. Qf3 Rf8 17. Nxf6+ Bxf6 18. Bxf6 Rxf6 19. Qxb7 Rd8 20. Rfe1 h5 21.
Bc4 Rd6 22. Qc8+ Kf7 23. Qxc7+ Rd7 24. Qxd7+ Kg6 25. Qxg7+ Kxg7 26. Rxe6 Rf4 27.
Rd1 Rxc4 28. Rd7+ Kf8 29. Rh6 Ke8 30. Rxa7 Rf4 31. Rh8+ Rf8 32. Ra8+ Ke7 33.
Raxf8 Kd6 34. Rxh5 Kc5 35. Rxg5+ Kd4 36. Rf4# {RebenaFlorian est échec et mat} 1-0

[Event "Tournament 14473 - Europe Echecs"]
[Site "Europe Echecs"]
[Date "2020.07.11"]
[Round "8"]
[Time "17:43:03"]
[PlyCount "74"]
[White "YaylaElif"]
[Black "LemiereCharlot"]
[WhiteElo "1199"]
[BlackElo "1351"]
[Mode "WEB"]
[Result "1-0"]

1. d4 d5 2. Bf4 Nc6 3. e3 e6 4. c4 Nf6 5. Nc3 Be7 6. h3 Bd7 7. Nf3 h6 8. a3 a6
9. b4 Na7 10. c5 b6 11. Bd3 g5 12. Bh2 Nb5 13. Nxb5 axb5 14. Bc2 Qb8 15. a4 bxa4
16. O-O b5 17. Ne5 Qb7 18. Nxd7 Nxd7 19. Bd3 c6 20. f4 gxf4 21. Bxf4 Bg5 22.
Bxg5 hxg5 23. Qf3 Nf8 24. Qf6 Rh7 25. Bxh7 Nxh7 26. Qh8+ Ke7 27. Qxh7 Rf8 28.
Qg7 Ke8 29. Qxg5 Qd7 30. Rf3 Qa7 31. Raf1 a3 32. Ra1 Qa4 33. Rf2 Qxb4 34. Rfa2
Qc4 35. Rxa3 b4 36. Ra8+ Kd7 37. R1a7# {LemiereCharlot est échec et mat} 1-0

[Event "Tournament 14473 - Europe Echecs"]
[Site "Europe Echecs"]
[Date "2020.07.11"]
[Round "8"]
[Time "17:43:03"]
[PlyCount "144"]
[White "LiJacques"]
[Black "TaffouraudWill"]
[WhiteElo "1076"]
[BlackElo "1199"]
[Mode "WEB"]
[Result "1-0"]

1. e4 e5 2. Nf3 Nc6 3. d4 Nf6 4. dxe5 Nxe4 5. Bd3 Nc5 6. Bg5 Ne7 7. O-O f6 8.
exf6 Ne6 9. fxe7 Bxe7 10. Bxe7 Qxe7 11. Re1 O-O 12. Bc4 Qd6 13. Qxd6 cxd6 14.
Nbd2 Kh8 15. Rad1 b6 16. Bd5 Rb8 17. Nc4 Nc5 18. Nxd6 Ba6 19. Bc4 Bxc4 20. Nxc4
Rbe8 21. Rxe8 Rxe8 22. b4 Ne4 23. Rxd7 Ng5 24. Rd1 Nxf3+ 25. gxf3 a5 26. bxa5
bxa5 27. Nxa5 Ra8 28. Kg2 h6 29. Nb3 Rxa2 30. Rd8+ Kh7 31. c3 Ra4 32. Nd4 Rc4
33. Rd7 Rxc3 34. Nf5 Kg6 35. Nh4+ Kh7 36. Nf5 Kg6 37. Ne3 Kf6 38. Rd6+ Ke7 39.
Rg6 Rc8 40. Rxg7+ Kf6 41. Rh7 Kg6 42. Ra7 Rg8 43. Ra6+ Kg7 44. Nf5+ Kh7+ 45. Kf1
Rg5 46. Rxh6+ Kg8 47. Ne7+ Kg7 48. Rh3 Kf7 49. Nc6 Rg7 50. Ne5+ Kf6 51. Ng4+ Kg6
52. Rg3 Kf7 53. Ne5+ Kf6 54. Rxg7 Kxg7 55. Nd3 Kg6 56. f4 Kf5 57. Kg2 Ke4 58. h4
Kxd3 59. f5 Ke4 60. f6 Kf5 61. f7 Kf6 62. f8=Q+ Ke6 63. h5 Ke5 64. h6 Ke4 65. h7
Kd3 66. h8=Q Ke2 67. f3 Ke1 68. Qe7+ Kd2 69. Qd4+ Kc2 70. Qec5+ Kb3 71. Qdb4+
Ka2 72. Qca5# {TaffouraudWill est échec et mat} 1-0

[Event "Tournament 14473 - Europe Echecs"]
[Site "Europe Echecs"]
[Date "2020.07.11"]
[Round "8"]
[Time "17:43:03"]
[PlyCount "97"]
[White "AlsruheFelix"]
[Black "LemaireVivien"]
[WhiteElo "1213"]
[BlackElo "1471"]
[Mode "WEB"]
[Result "0-1"]

1. d4 Nf6 2. c4 c5 3. d5 d6 4. Nc3 g6 5. Nf3 Bg7 6. e4 O-O 7. Be2 Bd7 8. O-O a6
9. a3 Ng4 10. Bd2 Ne5 11. Nxe5 Bxe5 12. b4 cxb4 13. axb4 Qb6 14. Rb1 a5 15. Na4
Bxa4 16. Qxa4 Na6 17. bxa5 Qc5 18. Rxb7 Qd4 19. Bh6 Bg7 20. Bxg7 Kxg7 21. Qd7
Nc5 22. Qxe7 Nxb7 23. Qxb7 Qxe4 24. Qb5 Qxe2 25. a6 Rfc8 26. Qb7 Qxc4 27. a7 Qc7
28. Qxc7 Rxc7 29. g3 Raxa7 30. Rd1 Ra5 31. Kg2 Rcc5 32. h4 Rxd5 33. Re1 Rd2 34.
Kf3 Ra3+ 35. Kg4 Rxf2 36. Kh3 Rff3 37. Rg1 d5 38. Kh2 d4 39. Kh3 d3 40. Kh2 d2
41. Kh3 Rxg3+ 42. Kh2 Rh3+ 43. Kg2 Rag3+ 44. Kf2 Rxg1 45. Kxg1 d1=Q+ 46. Kf2
Rf3+ 47. Kg2 Qe2+ 48. Kg1 Rf1# {AlsruheFelix est échec et mat} 0-1

[Event "Tournament 14473 - Europe Echecs"]
[Site "Europe Echecs"]
[Date "2020.07.11"]
[Round "9"]
[Time "18:18:03"]
[PlyCount "64"]
[White "SayaEthan"]
[Black "Razafindratsim"]
[WhiteElo "2199"]
[BlackElo "2336"]
[Mode "WEB"]
[Result "1-0"]

1. e4 e5 2. Nf3 Nc6 3. Bc4 Bc5 4. c3 Nf6 5. d3 h6 6. Nbd2 d6 7. h3 Rg8 8. Nf1
Qe7 9. Ng3 Be6 10. Bxe6 Qxe6 11. O-O O-O-O 12. d4 exd4 13. cxd4 Nxd4 14. Nxd4
Qe5 15. Be3 Kb8 16. Nf3 Qe6 17. Bxc5 dxc5 18. Qa4 g5 19. Rad1 Rde8 20. e5 Nd5
21. Qg4 Qc6 22. Qe4 Rd8 23. Rd2 Qe6 24. Qf5 Qe7 25. Rfd1 c6 26. Ne4 Nf4 27.
Rxd8+ Rxd8 28. Rxd8+ Qxd8 29. Nd6 a6 30. Qxf7 Qb6 31. Qe8+ Ka7 32. Nc8+ {Razafindratsim a abandonné} 1-0

[Event "Tournament 14473 - Europe Echecs"]
[Site "Europe Echecs"]
[Date "2020.07.11"]
[Round "9"]
[Time "18:18:03"]
[PlyCount "130"]
[White "HingouetMatthi"]
[Black "RebutPaul"]
[WhiteElo "2228"]
[BlackElo "1966"]
[Mode "WEB"]
[Result "1-0"]

1. d4 Nf6 2. c4 g6 3. Nc3 Bg7 4. e4 d6 5. Nf3 O-O 6. h3 e5 7. d5 a5 8. Bg5 h6 9.
Be3 Na6 10. g4 Nd7 11. Be2 Nac5 12. h4 Qe7 13. Nd2 c6 14. h5 g5 15. Nf1 Nf6 16.
Ng3 cxd5 17. cxd5 b6 18. Bxc5 bxc5 19. O-O Rb8 20. b3 Qb7 21. f3 Bd7 22. Bc4 Ne8
23. Rf2 Nc7 24. Qd3 Ra8 25. Nd1 Na6 26. Ne3 Nb4 27. Qd2 Rfb8 28. Ngf5 Bf8 29.
Qc3 a4 30. a3 Na6 31. Rb2 axb3 32. Rxb3 Qa7 33. Rab1 Rxb3 34. Rxb3 Rb8 35. Bxa6
Rxb3 36. Qxb3 Qxa6 37. Nc4 Bxf5 38. gxf5 Qa7 39. a4 Be7 40. a5 Qa6 41. Kg2 Bd8
42. Qa4 Kf8 43. Kf2 Ke7 44. Ke2 Bc7 45. Kd3 Kd8 46. Kc3 Bb8 47. Qc6 Qxc6 48.
dxc6 Kc7 49. Ne3 Kxc6 50. Ng4 Bc7 51. Nxh6 Bxa5+ 52. Kc4 Bd8 53. Nxf7 Bf6 54. h6
Kd7 55. h7 Ke7 56. h8=Q Bxh8 57. Nxh8 Kf6 58. Kd5 Kg7 59. Ng6 Kf6 60. Nf8 Ke7
61. Nh7 Kf7 62. Nxg5+ Kf6 63. Ne6 Ke7 64. Nc7 Kd7 65. Nb5 {RebutPaul a abandonné} 1-0

[Event "Tournament 14473 - Europe Echecs"]
[Site "Europe Echecs"]
[Date "2020.07.11"]
[Round "9"]
[Time "18:18:03"]
[PlyCount "65"]
[White "RobertMathias"]
[Black "KuhnClement"]
[WhiteElo "2140"]
[BlackElo "2150"]
[Mode "WEB"]
[Result "0-1"]

1. e4 c5 2. Nf3 Nc6 3. g3 g6 4. Bg2 Bg7 5. d3 e5 6. O-O Nge7 7. Nc3 O-O 8. Bg5
h6 9. Be3 Nd4 10. Qd2 Kh7 11. Ne2 d5 12. c3 Nxf3+ 13. Bxf3 d4 14. cxd4 cxd4 15.
Rfc1 dxe3 16. Qxe3 Be6 17. b3 Nc6 18. Rc5 Nd4 19. Rac1 Qd6 20. Nxd4 exd4 21. Qd2
Rac8 22. b4 b6 23. R5c2 h5 24. Bd1 Rxc2 25. Rxc2 Rc8 26. a3 Rc3 27. f4 Bb3 28.
Rb2 Bxd1 29. Qxd1 Qc6 30. Qe2 Rc1+ 31. Kg2 Qc3 32. Rc2 Rxc2 {RobertMathias a abandonné} 0-1

[Event "Tournament 14473 - Europe Echecs"]
[Site "Europe Echecs"]
[Date "2020.07.11"]
[Round "9"]
[Time "18:18:03"]
[PlyCount "76"]
[White "DalaudDorian"]
[Black "RachidAlexandr"]
[WhiteElo "2242"]
[BlackElo "2079"]
[Mode "WEB"]
[Result "1-0"]

1. e4 c5 2. Nc3 g6 3. h4 h5 4. d4 cxd4 5. Qxd4 Nf6 6. Bg5 Bg7 7. O-O-O Nc6 8.
Qd2 d6 9. f3 Be6 10. Kb1 Rc8 11. Nge2 Qa5 12. Nf4 Nb4 13. Nxe6 fxe6 14. a3 Nd7
15. Bxe7 Rxc3 16. Qxd6 Qa4 17. Qxd7+ Qxd7 18. Rxd7 Rxc2 19. Bxb4 Rxb2+ 20. Kc1
Kxd7 21. Bb5+ Kc7 22. Rd1 Kb6 23. Bd7 Rxg2 24. Bxe6 Be5 25. Rd7 Rc8+ 26. Kd1
Rg1+ 27. Ke2 Rc2+ 28. Kd3 Rc7 29. Rxc7 Bxc7 30. Bc3 Kc5 31. Bd4+ Kb5 32. Bxg1 a5
33. Bf7 Bg3 34. Bxg6 Bxh4 35. e5 Be7 36. Be8+ Ka6 37. a4 h4 38. Bb5# {RachidAlexandr est échec et mat} 1-0

[Event "Tournament 14473 - Europe Echecs"]
[Site "Europe Echecs"]
[Date "2020.07.11"]
[Round "9"]
[Time "18:18:03"]
[PlyCount "135"]
[White "DroinAugustin"]
[Black "MathieuPhileas"]
[WhiteElo "2313"]
[BlackElo "2214"]
[Mode "WEB"]
[Result "1/2-1/2"]

1. e4 c5 2. Nf3 Nc6 3. Bb5 e6 4. O-O Nge7 5. Nc3 a6 6. Bxc6 Nxc6 7. d4 cxd4 8.
Nxd4 Bc5 9. Nxc6 dxc6 10. Qxd8+ Kxd8 11. Bf4 f6 12. Na4 Ba7 13. Rfd1+ Ke8 14.
Bc7 Bd7 15. Bb6 Bxb6 16. Nxb6 Rd8 17. f4 Ke7 18. b4 Bc8 19. Kf2 Rxd1 20. Rxd1
Rd8 21. Rxd8 Kxd8 22. c4 e5 23. f5 Bd7 24. g4 Be8 25. a4 Bf7 26. h4 Kc7 27. a5
c5 28. b5 Bxc4 29. Nxc4 axb5 30. Na3 Kc6 31. Ke3 c4 32. g5 Kc5 33. gxf6 gxf6 34.
h5 b4 35. Nb1 Kb5 36. Nd2 b3 37. Nb1 Kxa5 38. Kd2 Kb4 39. Nc3 b5 40. h6 Kc5 41.
Ne2 b4 42. Kc1 c3 43. Kb1 Kc4 44. Nc1 b2 45. Nb3 Kd3 46. Nc5+ Kd4 47. Nd7 Kxe4
48. Nxf6+ Kd3 49. Nd5 Kc4 50. f6 Kb3 51. Nxb4 Kxb4 52. Kc2 Ka3 53. f7 Ka2 54.
f8=Q b1=Q+ 55. Kxc3 Qb2+ 56. Kd3 Qd4+ 57. Ke2 Qe4+ 58. Kf2 Kb3 59. Qf3+ Qxf3+
60. Kxf3 Kc3 61. Ke4 Kc4 62. Kxe5 Kc5 63. Kf6 Kd6 64. Kg7 Ke7 65. Kxh7 Kf7 66.
Kh8 Kf8 67. h7 Kf7 {Nulle par pat} 1/2-1/2

[Event "Tournament 14473 - Europe Echecs"]
[Site "Europe Echecs"]
[Date "2020.07.11"]
[Round "9"]
[Time "18:18:03"]
[PlyCount "90"]
[White "JolyJulien"]
[Black "FischerThorang"]
[WhiteElo "2188"]
[BlackElo "1998"]
[Mode "WEB"]
[Result "1-0"]

1. d4 d5 2. Bf4 e6 3. e3 Nf6 4. Nd2 c5 5. c3 Bd6 6. Bg3 Qc7 7. Bd3 O-O 8. Bh4
Nbd7 9. f4 b6 10. Ngf3 Bb7 11. Ne5 a5 12. Qc2 c4 13. Be2 b5 14. O-O b4 15. g4
Nb6 16. Bxf6 gxf6 17. Nef3 Kh8 18. Kh1 Rg8 19. Rg1 e5 20. Qf5 exf4 21. Qxf6+ Rg7
22. Nh4 Be7 23. Qh6 Bxh4 24. Qxh4 fxe3 25. Nf3 Nd7 26. Raf1 Nf8 27. Qh6 Ra6 28.
Qxe3 Re6 29. Ne5 Kg8 30. Qf4 Qe7 31. g5 Ng6 32. Nxg6 hxg6 33. Bf3 Re3 34. Qg3
Rh7 35. Re1 Rxe1 36. Rxe1 Qd7 37. Bg4 Qd8 38. Qe5 Rh4 39. h3 Kh7 40. Rf1 Kg8 41.
Rf6 Rh7 42. Rd6 Qa8 43. Rb6 Bc8 44. Rb8 Qc6 45. Rxc8+ {FischerThorang a abandonné} 1-0

[Event "Tournament 14473 - Europe Echecs"]
[Site "Europe Echecs"]
[Date "2020.07.11"]
[Round "9"]
[Time "18:18:03"]
[PlyCount "59"]
[White "DenningerGael"]
[Black "DavidBogdanEma"]
[WhiteElo "1957"]
[BlackElo "2092"]
[Mode "WEB"]
[Result "0-1"]

1. c4 g6 2. g3 Bg7 3. Bg2 c5 4. Nc3 Nc6 5. Nf3 e5 6. d3 d6 7. a3 Nge7 8. Bd2 O-O
9. O-O h6 10. Rb1 Be6 11. h3 Rc8 12. b4 b6 13. Ne1 Qd7 14. Kh2 d5 15. bxc5 bxc5
16. cxd5 Nxd5 17. Nxd5 Bxd5 18. Nc2 c4 19. Bxd5 Qxd5 20. Ne3 Qe6 21. Nxc4 e4 22.
Qa4 Nd4 23. Bb4 Rfd8 24. Nd2 e3 25. Ne4 exf2 26. Rxf2 f5 27. Nc5 Qe3 28. Qd1
Qxf2+ 29. Kh1 Nxe2 {DenningerGael a abandonné} 0-1

[Event "Tournament 14473 - Europe Echecs"]
[Site "Europe Echecs"]
[Date "2020.07.11"]
[Round "9"]
[Time "18:18:03"]
[PlyCount "89"]
[White "EllisAntoine"]
[Black "SabianiChjara"]
[WhiteElo "2066"]
[BlackElo "1842"]
[Mode "WEB"]
[Result "0-1"]

1. d4 Nf6 2. c4 g6 3. Nc3 Bg7 4. e4 d6 5. Nf3 O-O 6. Be2 e5 7. O-O Nc6 8. d5 Ne7
9. b4 Nd7 10. g3 h6 11. a4 f5 12. Ba3 Nf6 13. Nd2 f4 14. c5 a6 15. Nc4 g5 16. f3
g4 17. fxg4 fxg3 18. hxg3 b5 19. cxb6 cxb6 20. b5 Ne8 21. Rxf8+ Bxf8 22. Qf1
axb5 23. Nxb5 Ng6 24. Bb4 Ba6 25. Qf2 Bxb5 26. Rf1 Ra7 27. axb5 Nh8 28. Qxf8+
Kh7 29. Nxd6 Qg5 30. Qxh8+ Kxh8 31. Nxe8 Qe3+ 32. Rf2 Qxg3+ 33. Rg2 Qe3+ 34. Kh2
Qf4+ 35. Kh3 Ra1 36. Rh2 Rg1 37. Be1 Rxe1 38. Nd6 Rxe2 39. Rxe2 Qf3+ 40. Kh4
Qxe2 41. Kh5 Kh7 42. Nf5 Qxe4 43. d6 Qf4 44. d7 Qg5# {EllisAntoine est échec et mat} 0-1

[Event "Tournament 14473 - Europe Echecs"]
[Site "Europe Echecs"]
[Date "2020.07.11"]
[Round "9"]
[Time "18:18:03"]
[PlyCount "81"]
[White "TomasiElise"]
[Black "DincovMatei"]
[WhiteElo "2030"]
[BlackElo "1714"]
[Mode "WEB"]
[Result "0-1"]

1. d4 Nf6 2. Nf3 d5 3. g3 e6 4. Bg2 Be7 5. O-O O-O 6. c4 dxc4 7. Qc2 a6 8. Qxc4
b5 9. Qc2 Bb7 10. Bd2 Nbd7 11. Ba5 Rc8 12. Nbd2 Qe8 13. b4 Nd5 14. a3 N7f6 15.
Ne5 Bd6 16. Nd3 e5 17. e4 Nb6 18. d5 Nbd7 19. Nc5 Ba8 20. Rac1 c6 21. Nxa6 cxd5
22. Qxc8 Qxc8 23. Rxc8 Rxc8 24. exd5 Bb7 25. Nc5 Nxc5 26. bxc5 Bxc5 27. Rb1 Bxa3
28. Rxb5 Ba8 29. Bf3 h6 30. Kg2 Bc1 31. Ne4 Nxd5 32. Nd6 Ne3+ 33. fxe3 Rc2+ 34.
Kh3 Bxf3 35. Rb8+ Kh7 36. Nxf7 e4 37. Rh8+ Kg6 38. Ne5+ Kg5 39. Nf7+ Kh5 40. Bd8
Bg4# {TomasiElise est échec et mat} 0-1

[Event "Tournament 14473 - Europe Echecs"]
[Site "Europe Echecs"]
[Date "2020.07.11"]
[Round "9"]
[Time "18:18:03"]
[PlyCount "89"]
[White "WeismanNathan"]
[Black "LarmetNino"]
[WhiteElo "2186"]
[BlackElo "1818"]
[Mode "WEB"]
[Result "1-0"]

1. e4 e5 2. Nf3 Nc6 3. d4 exd4 4. Nxd4 Nf6 5. Nc3 Bb4 6. Nxc6 bxc6 7. Bd3 d5 8.
exd5 cxd5 9. O-O O-O 10. Bg5 Be7 11. Bxf6 Bxf6 12. Nxd5 Bxb2 13. Rb1 Bd4 14.
Bxh7+ Kxh7 15. Qxd4 Be6 16. Qe4+ Kg8 17. Rfd1 Bxd5 18. Rxd5 Qf6 19. h3 Rab8 20.
Rxb8 Rxb8 21. Re5 Rf8 22. c4 Qh6 23. c5 Qc1+ 24. Kh2 Qd2 25. Qe2 Qf4+ 26. g3 Qf6
27. f4 Qc6 28. h4 Rb8 29. h5 Kf8 30. Qg2 Qxg2+ 31. Kxg2 Rb2+ 32. Kf3 Rxa2 33.
Ke4 Re2+ 34. Kd5 Rxe5+ 35. fxe5 Ke7 36. g4 a5 37. g5 c6+ 38. Kxc6 a4 39. h6 gxh6
40. gxh6 Kf8 41. Kd7 a3 42. c6 Kg8 43. c7 a2 44. c8=Q+ Kh7 {LarmetNino a abandonné} 1-0

[Event "Tournament 14473 - Europe Echecs"]
[Site "Europe Echecs"]
[Date "2020.07.11"]
[Round "9"]
[Time "18:18:03"]
[PlyCount "83"]
[White "BriandAmaury"]
[Black "RobertYoann"]
[WhiteElo "1929"]
[BlackElo "2071"]
[Mode "WEB"]
[Result "0-1"]

1. e4 g6 2. d4 Bg7 3. Nf3 c6 4. c4 d5 5. cxd5 cxd5 6. exd5 Nf6 7. Nc3 O-O 8. Bc4
Nbd7 9. O-O Nb6 10. Qb3 Qc7 11. Bd3 Qd6 12. Nb5 Qd8 13. d6 exd6 14. Bf4 Be6 15.
Qa3 Nc4 16. Qa4 Nxb2 17. Qc2 Nxd3 18. Qxd3 d5 19. Qa3 Ne4 20. Rac1 Qb6 21. Nc7
Rac8 22. Rb1 Qc6 23. Rfc1 Qd7 24. Qxa7 Nd6 25. Bxd6 Qxd6 26. Rxb7 Bh6 27. Re1
Bg4 28. Ne5 Bf5 29. Nb5 Qb4 30. Rf1 Be6 31. Nc7 Qd6 32. Nxe6 Qxe6 33. a4 Bf4 34.
Re7 Qf5 35. h3 Bg5 36. Rd7 Qf4 37. a5 Rc1 38. g3 Rxf1+ 39. Kxf1 Qe4 40. Nxf7 Qf3
41. Nxg5 Qxf2# {BriandAmaury est échec et mat} 0-1

[Event "Tournament 14473 - Europe Echecs"]
[Site "Europe Echecs"]
[Date "2020.07.11"]
[Round "9"]
[Time "18:18:03"]
[PlyCount "61"]
[White "DelinValere"]
[Black "courjalpauline"]
[WhiteElo "2043"]
[BlackElo "1848"]
[Mode "WEB"]
[Result "0-1"]

1. e4 e6 2. d4 d5 3. Nd2 dxe4 4. Nxe4 Nd7 5. Nf3 Ngf6 6. Nxf6+ Nxf6 7. c3 Be7 8.
Bd3 b6 9. O-O Bb7 10. Re1 O-O 11. Bg5 Nd7 12. Bf4 c5 13. dxc5 Nxc5 14. Be2 Qc8
15. Nd4 Rd8 16. Bf3 Bf6 17. Be5 Bxe5 18. Rxe5 f6 19. Re3 e5 20. b4 exd4 21. Re7
dxc3 22. Qe2 Bxf3 23. Qxf3 Ne6 24. Rc1 c2 25. h4 Kf8 26. Rxe6 Qxe6 27. Rxc2 Rac8
28. Re2 Rc1+ 29. Kh2 Qd6+ 30. g3 Qd1 {DelinValere a abandonné} 0-1

[Event "Tournament 14473 - Europe Echecs"]
[Site "Europe Echecs"]
[Date "2020.07.11"]
[Round "9"]
[Time "18:18:03"]
[PlyCount "95"]
[White "CavaillesEvan"]
[Black "RobineGuillaum"]
[WhiteElo "2018"]
[BlackElo "1571"]
[Mode "WEB"]
[Result "0-1"]

1. e4 d5 2. exd5 Nf6 3. d4 Bg4 4. Be2 Bxe2 5. Nxe2 Qxd5 6. O-O Nc6 7. b3 O-O-O
8. c4 Qh5 9. Bb2 e6 10. Ng3 Qxd1 11. Rxd1 Bc5 12. Ne2 Rd7 13. Na3 Rhd8 14. Nc2
Nxd4 15. Rxd4 Bxd4 16. Nexd4 c5 17. Nf3 Rd1+ 18. Rxd1 Rxd1+ 19. Nfe1 Kd7 20. Kf1
Rd2 21. Bc3 Rd6 22. f3 Ke7 23. Ke2 g6 24. Nd3 Nd7 25. b4 b6 26. a3 f6 27. Nf2
Kf7 28. b5 f5 29. Ne1 e5 30. Nc2 Ke6 31. Ne3 Nf6 32. Nd3 e4 33. Nf4+ Ke7 34.
Bxf6+ Kxf6 35. Ned5+ Ke5 36. fxe4 Kxe4 37. Ne3 Kxf4 38. g3+ Ke4 39. Ng2 g5 40.
h4 h6 41. hxg5 hxg5 42. Ne3 Rd4 43. a4 Rd3 44. Nd5 Rxd5 45. cxd5 Kxd5 46. Kd3
c4+ 47. Kc3 Kc5 {CavaillesEvan a abandonné} 0-1